Inovace obchodního modelu
Obsahové vymedzenie pojmu obchodný model. Základný rámec obchodného modelu. Teoretické východiská inovácii obchodného modelu. Tri strategické prístupy. Základné druhy inovácií v obchodných modeloch.
Gespeichert in:
| 1. Verfasser: | |
|---|---|
| Format: | Buchkapitel |
| Sprache: | Tschechisch |
| Schlagworte: | |
| Tags: |
Keine Tags, Fügen Sie das erste Tag hinzu!
|
MARC
| LEADER | 00000naa a2200000 4500 | ||
|---|---|---|---|
| 001 | 0142765 | ||
| 005 | 20221107083830.4 | ||
| 041 | 0 | |a cze | |
| 044 | |a SK | ||
| 245 | 1 | 0 | |a Inovace obchodního modelu |c Ondřej Chwaszcz |
| 520 | |a Obsahové vymedzenie pojmu obchodný model. Základný rámec obchodného modelu. Teoretické východiská inovácii obchodného modelu. Tri strategické prístupy. Základné druhy inovácií v obchodných modeloch. | ||
| 610 | 2 | 0 | |a pokrok technologický |
| 610 | 2 | 0 | |a inovácia |
| 610 | 2 | 0 | |a stratégia inovačná |
| 610 | 2 | 0 | |a konkurencia |
| 610 | 2 | 0 | |a modely ekonomické |
| 100 | 1 | |a Chwaszcz, Ondřej | |